000 00372nam a2200121Ia 4500
008 220901s9999||||xx |||||||||||||| ||und||
082 _a001.605 ACM
100 _aACM(Association Computing Machinery)
_914229
245 0 _aACM SIGPER
250 _aVol. 36 Issue No. 2,3 & 4
260 _bACM(Association Computing Machinery)
_c2008
650 _aPerformance Evaluation Review
999 _c193363
_d193363